000 00660nam a2200169Ia 4500
008 090711s9999 xx 000 0 und d
082 _b118
100 _aठोबरे शिवाजी / खुस्पे व. सी.
245 _aजोजोबा लागवड
260 _bकॉन्टीनेन्टल प्रकाशन
_c1997
300 _a120
600 _aठोबरे शिवाजी / खुस्पे व. सी.
630 _aजोजोबा लागवड
700 _aठोबरे शिवाजी / खुस्पे व. सी.
730 _aजोजोबा लागवड
942 _cBOOK
999 _c323579
_d323579